| 000 | 01048nam a2200241Ia 4500 | ||
|---|---|---|---|
| 999 |
_c37437 _d37437 |
||
| 001 | 3396 | ||
| 003 | GE_BSU | ||
| 005 | 20190606200357.0 | ||
| 008 | 181216s1975|||| |||||||||||||| ||geo|| | ||
| 040 | _cGE_BSU | ||
| 041 | _ageo | ||
| 080 | _a331.45(075.8) შ–87 | ||
| 245 |
_aშრომის დაცვა : დამხმ. სახელმძღ. / _cმ. ჯვარშეიშვილი , ვ. ზამთარაძე , ვ. ძოწენიძე და სხვა; რედ. : ვ. კაშიბაძე. |
||
| 264 |
_aთბილისი : _bსპი, _c1975. |
||
| 300 |
_a297 გვ .: _bილ. _c23 სმ. _eცხრ. |
||
| 504 | _aბიბლიოგრ. : გვ. 293-294. | ||
| 653 | _aშრომის დაცვა | ||
| 700 |
_aჯვარშეიშვილი, მ _92260 |
||
| 700 |
_aზამთარაძე, ვ _92261 |
||
| 700 |
_aძოწენიძე, ვ _92262 |
||
| 700 |
_aკაშიბაძე, ვ _eრედაქტორი _92259 |
||
| 942 |
_cBK _2udc |
||